logo

Bir Sreshtho Munshi Abdur Rouf Library
Jhenaidah Cadet College

গ্রন্থাগার প্রশাসন ও ব্যবস্থাপনা / (Record no. 10326)

MARC details
000 -LEADER
fixed length control field 00887nam a2200241 a 4500
001 - CONTROL NUMBER
JCCL Control Number 10326
003 - CONTROL NUMBER IDENTIFIER
JCCL marc code BD-JhCC
005 - DATE AND TIME OF LATEST TRANSACTION
control field 20180424084605.0
008 - FIXED-LENGTH DATA ELEMENTS--GENERAL INFORMATION
fixed length control field 180424s19992013bg |||| |||| 001 0 mul d
020 ## - INTERNATIONAL STANDARD BOOK NUMBER
International Standard Book Number 9848401296
035 ## - SYSTEM CONTROL NUMBER
system control number (BD-JhCC)10326
040 ## - CATALOGING SOURCE
Original cataloging agency BD-JhCC
Modifying agency BD-JhCC
041 ## - LANGUAGE CODE
Language code of Book ben and eng
082 ## - DEWEY DECIMAL CLASSIFICATION NUMBER
Classification number 025.1
Author mark and Year AHA 2013
100 ## - MAIN ENTRY--PERSONAL NAME
Personal name আহাম্মদ, এ.ডি.এম. আলী
245 ## - TITLE STATEMENT
Title গ্রন্থাগার প্রশাসন ও ব্যবস্থাপনা /
Statement of responsibility, etc এ.ডি.এম. আলী আহাম্মদ,
260 ## - PUBLICATION, DISTRIBUTION, ETC. (IMPRINT)
Place of publication, distribution, etc ঢাকা :
Name of publisher, distributor, etc নবরাগ প্রকাশনী,
Date of publication, distribution, etc ২০১৩.
300 ## - PHYSICAL DESCRIPTION
Pagination ২৩১ পৃ. :
Dimensions ২০ সেমি.
504 ## - BIBLIOGRAPHY, ETC. NOTE
Bibliography, etc Includes index and Bibliography
650 ## - SUBJECT ADDED ENTRY--TOPICAL TERM
Topical term or geographic name as entry element Library administration
650 ## - SUBJECT ADDED ENTRY--TOPICAL TERM
Topical term or geographic name as entry element গ্রন্থাগার প্রশাসন
942 ## - ADDED ENTRY ELEMENTS (KOHA)
Source of classification or shelving scheme Dewey Decimal Classification
Koha item type Reference
Holdings
Source of classification or shelving scheme Damaged status Not for loan Home library Current library Shelving location Date of accession Cost, normal purchase price Total Checkouts Full call number Barcode Date last seen Copy number Koha item type
Dewey Decimal Classification     JCC Rouf Library JCC Rouf Library General Stacks 04/24/2018 250.00   025.1 AHA 2013 13551 02/17/2019 C-1 Reference

JCC Library | Contacts | JCC Home

Last Update on 23 September 2017
Copyright @ 2017-2020 JCC Rouf Library
Rouf Library, Jhenidah Cadet College (JCC), Bangladesh